Statistiques concernant Les pilotes de formule 1 2019

Cliquez ici pour prendre le quiz!

Statistiques générales

  • Ce quiz a été pris 523 fois
  • Le résultat moyen est 19 sur 20

Statistiques - réponses

Pilote% Correct
Lewis Hamilton
100%
Sebastian Vettel
99%
Valtteri Bottas
99%
Charles Leclerc
98%
Max Verstappen
98%
Daniel Ricciardo
97%
Pierre Gasly
97%
Romain Grosjean
97%
Sergio Perez
97%
Carlos Sainz Jr
96%
Kevin Magnussen
95%
Lance Stroll
94%
Alexander Albon
93%
Lando Norris
93%
Kimi Raïkkönen
92%
Nico Hulkenberg
91%
George Russell
90%
Antonio Giovinazzi
85%
Daniil Kvyat
83%
Robert Kubica
76%

Distribution des résultats

Percentile par nombre de réponses

% des personnes avec chaque résultat

Votre développement - résultats

Vous n’avez pas pris ce quiz